Florentino Ameghino en la provincia de Buenos Aires /

Florentino Ameghino era un hombre que amaba realizar sus tareas en soledad. Fue maestro de escuela en Mercedes, Provincia de Buenos Aires. Allí se hizo de sus primeras colecciones de fósiles. En Luján, junto con su hermano Carlos, encontraron gran cantidad de restos fósiles.

Guardado en:
Autor Principal: Chiarelli, Pablo
Autor Corporativo: Canal Encuentro.
Formato: Deslizar
Publicado: Argentina, 2008
Series:Naturalistas viajeros
Materias:
Acceso en línea:https://www.educ.ar/recursos/101738/florentino-ameghino-en-provincia-de-buenos-aires
Etiquetas: Agregar Etiqueta
Sin Etiquetas, Sea el primero en etiquetar este registro!
LEADER 01422ngm a22003975g 4500
001 CEM.cems023737
008 130507s2008##################0###0#####d
005 20250630161924.0
245 1 0 |a Florentino Ameghino en la provincia de Buenos Aires /  |c Pablo Chiarelli. 
260 |a Argentina,  |c 2008 
300 |a 28'. 
490 0 |a Naturalistas viajeros 
500 |a Consultar en ventanilla. 
520 |a Florentino Ameghino era un hombre que amaba realizar sus tareas en soledad. Fue maestro de escuela en Mercedes, Provincia de Buenos Aires. Allí se hizo de sus primeras colecciones de fósiles. En Luján, junto con su hermano Carlos, encontraron gran cantidad de restos fósiles. 
538 |a Soporte: DVD - Color: Si - Grabación DRD 
100 1 |a Chiarelli, Pablo 
710 2 |a Canal Encuentro. 
082 9 4 |/ CHI 
653 |a EXPLORADORES 
653 |a CIENCIAS NATURALES 
653 |a CIENTIFICOS 
653 |a CIENCIA 
653 |a NATURALISMO 
653 |a GEOLOGIA 
653 |a ARQUELOGIA 
653 |a BIOLOGIA 
653 |a ESPECIES 
653 |a BOTANICA 
653 |a ZOOLOGIA 
653 |a EVOLUCION 
653 |a FOSILES 
653 |a AMEGHINO 
653 |a GEOGRAFIA 
653 |a SERIE DE TELEVISIÓN 
856 |u https://www.educ.ar/recursos/101738/florentino-ameghino-en-provincia-de-buenos-aires 
859 |a CEMS  |b BIB. CEMS - Depto. Recursos Didacticos  |h 940  |i CHI  |k DRD  |p 2380.15  |t Ej.1